[Event "Olympiad-32"]
[Site "Yerevan"]
[Date "1996.09.18"]
[Round "3.1"]
[White "Teplitsky, Yan"]
[Black "Istratescu, Andrei"]
[Result "0-1"]
[WhiteElo "2450"]
[BlackElo "2535"]
[PlyCount "92"]
[GameId "1166639838175232"]
[EventDate "1996.09.15"]
[EventType "team-swiss"]
[EventRounds "14"]
[EventCountry "ARM"]
[SourceTitle "CBM 055"]
[Source "ChessBase"]
[SourceDate "1996.12.01"]
[SourceVersion "1"]
[SourceVersionDate "1996.12.01"]
[SourceQuality "1"]
[WhiteTeam "Canada"]
[BlackTeam "Romania"]
[WhiteTeamCountry "CAN"]
[BlackTeamCountry "ROU"]

1. Nf3 Nf6 2. c4 g6 3. Nc3 Bg7 4. e4 d6 5. d4 O-O 6. Be2 e5 7. d5 a5 8. h4 Na6 9. Nd2 h5 10. Nf1 Nc5 11. Bg5 Qe8 12. Nd2 Bd7 13. f3 Nh7 14. Be3 f5 15. Nb3 Na4 16. Nxa4 Bxa4 17. g4 hxg4 18. fxg4 fxe4 19. g5 Rf4 20. Qd2 b6 21. Bxf4 exf4 22. Qxf4 Bxb2 23. Rb1 Bc3+ 24. Kf2 Bd7 25. Qe3 Qe5 26. Rbd1 a4 27. Nd4 Bb4 28. Kg2 Bc5 29. Rhf1 Rf8 30. Qc3 Rxf1 31. Bxf1 Bg4 32. Rd2 Bf3+ 33. Kh3 Bxd4 34. Qxd4 Qf5+ 35. Kh2 Qf4+ 36. Kg1 Qg3+ 37. Rg2 Bxg2 38. Bxg2 Qxh4 39. Qxe4 Qxe4 40. Bxe4 Kf7 41. Kf2 Nxg5 42. Bc2 a3 43. Ke3 Kf6 44. Kf4 Nf7 45. Bd3 Ne5 46. Be2 Nd7 0-1

[Event "Olympiad-32"]
[Site "Yerevan"]
[Date "1996.09.19"]
[Round "4.2"]
[White "Damljanovic, Branko"]
[Black "Teplitsky, Yan"]
[Result "0-1"]
[WhiteElo "2470"]
[BlackElo "2450"]
[PlyCount "124"]
[GameId "1165542723108864"]
[EventDate "1996.09.15"]
[EventType "team-swiss"]
[EventRounds "14"]
[EventCountry "ARM"]
[SourceTitle "CBM 055"]
[Source "ChessBase"]
[SourceDate "1996.12.01"]
[SourceVersion "1"]
[SourceVersionDate "1996.12.01"]
[SourceQuality "1"]
[WhiteTeam "Yugoslavia"]
[BlackTeam "Canada"]
[WhiteTeamCountry "YUG"]
[BlackTeamCountry "CAN"]

1. Nf3 Nf6 2. c4 g6 3. Nc3 Bg7 4. g3 O-O 5. Bg2 d6 6. O-O c5 7. d4 Nc6 8. d5 Na5 9. Nd2 e5 10. e4 Ng4 11. h3 Nh6 12. b3 Bd7 13. Bb2 a6 14. Ne2 f5 15. exf5 Nxf5 16. Ne4 b5 17. Bc3 Nb7 18. Bd2 h6 19. Qc2 Qb6 20. Rae1 Rae8 21. Qd3 Nd8 22. f4 Nf7 23. Bc3 Qd8 24. Kh2 b4 25. Ba1 exf4 26. Nxf4 Bxa1 27. Rxa1 Ne5 28. Qd2 Bc8 29. Rf2 Nd4 30. Raf1 Kg7 31. Ne2 Rxf2 32. Rxf2 Nxe2 33. Rxe2 Bf5 34. Nf2 h5 35. Re1 Qf6 36. Rf1 Qe7 37. Kg1 a5 38. Qf4 Rf8 39. Qd2 a4 40. Re1 Qf6 41. Rf1 Bxh3 42. Qd1 Bxg2 43. Kxg2 h4 44. Qe2 hxg3 45. Ne4 Qxf1+ 46. Qxf1 Rxf1 47. Kxf1 axb3 48. axb3 Nxc4 49. bxc4 b3 50. Kg2 b2 51. Nd2 Kf6 52. Kxg3 Ke5 53. Kf3 Kd4 54. Ke2 Kc3 55. Kd1 g5 56. Nb1+ Kd3 57. Na3 g4 58. Ke1 Kc3 59. Kf2 Kb3 60. Nb1 Kxc4 61. Kg3 Kxd5 62. Kxg4 Ke4 0-1

[Event "Olympiad-32"]
[Site "Yerevan"]
[Date "1996.09.21"]
[Round "6.2"]
[White "Mok, Tze Meng"]
[Black "Teplitsky, Yan"]
[Result "1/2-1/2"]
[WhiteElo "2240"]
[BlackElo "2450"]
[PlyCount "63"]
[GameId "1166639840665600"]
[EventDate "1996.09.15"]
[EventType "team-swiss"]
[EventRounds "14"]
[EventCountry "ARM"]
[SourceTitle "CBM 055"]
[Source "ChessBase"]
[SourceDate "1996.12.01"]
[SourceVersion "1"]
[SourceVersionDate "1996.12.01"]
[SourceQuality "1"]
[WhiteTeam "Malaysia"]
[BlackTeam "Canada"]
[WhiteTeamCountry "MAS"]
[BlackTeamCountry "CAN"]

1. e4 c5 2. Nf3 d6 3. d4 cxd4 4. Nxd4 Nf6 5. Nc3 Nc6 6. Bg5 e6 7. Qd2 a6 8. O-O-O h6 9. Bf4 Bd7 10. Nxc6 Bxc6 11. f3 d5 12. exd5 Nxd5 13. Nxd5 Qxd5 14. Qxd5 Bxd5 15. Bd3 O-O-O 16. a3 Be7 17. Rhe1 Rd7 18. Be4 Rhd8 19. Bxd5 Rxd5 20. Rxd5 Rxd5 21. Re4 b5 22. a4 Kd7 23. axb5 axb5 24. Re5 Kc6 25. Rxd5 Kxd5 26. Kd2 e5 27. Be3 f5 28. b3 e4 29. fxe4+ fxe4 30. c3 Bd6 31. h3 Be5 32. Kc2 1/2-1/2

[Event "Olympiad-32"]
[Site "Yerevan"]
[Date "1996.09.23"]
[Round "7.2"]
[White "Stefansson, Hannes"]
[Black "Teplitsky, Yan"]
[Result "1-0"]
[WhiteElo "2560"]
[BlackElo "2450"]
[PlyCount "61"]
[GameId "1166639841497088"]
[EventDate "1996.09.15"]
[EventType "team-swiss"]
[EventRounds "14"]
[EventCountry "ARM"]
[SourceTitle "CBM 055"]
[Source "ChessBase"]
[SourceDate "1996.12.01"]
[SourceVersion "1"]
[SourceVersionDate "1996.12.01"]
[SourceQuality "1"]
[WhiteTeam "Iceland"]
[BlackTeam "Canada"]
[WhiteTeamCountry "ISL"]
[BlackTeamCountry "CAN"]

1. e4 c5 2. Nf3 d6 3. d4 cxd4 4. Nxd4 Nf6 5. Nc3 Nc6 6. Bg5 e6 7. Qd2 a6 8. O-O-O h6 9. Bf4 Bd7 10. Nxc6 Bxc6 11. f3 d5 12. Qe1 Bb4 13. a3 Ba5 14. b4 Bb6 15. exd5 Bxd5 16. Be5 O-O 17. Qh4 Nd7 18. Qxd8 Rfxd8 19. Nxd5 exd5 20. Bd4 a5 21. Kb2 Ba7 22. Bc3 Nf8 23. Kb3 Ne6 24. Bb2 Be3 25. g3 Rdc8 26. Rxd5 a4+ 27. Ka2 Rxc2 28. Bd3 Rf2 29. Re1 Rxf3 30. Be4 Bf2 31. Rc1 1-0

[Event "Olympiad-32"]
[Site "Yerevan"]
[Date "1996.09.24"]
[Round "8.1"]
[White "Braso, Jorge"]
[Black "Teplitsky, Yan"]
[Result "0-1"]
[WhiteElo "2245"]
[BlackElo "2450"]
[PlyCount "96"]
[GameId "1166639842365440"]
[EventDate "1996.09.15"]
[EventType "team-swiss"]
[EventRounds "14"]
[EventCountry "ARM"]
[SourceTitle "CBM 055"]
[Source "ChessBase"]
[SourceDate "1996.12.01"]
[SourceVersion "1"]
[SourceVersionDate "1996.12.01"]
[SourceQuality "1"]
[WhiteTeam "Uruguay"]
[BlackTeam "Canada"]
[WhiteTeamCountry "URU"]
[BlackTeamCountry "CAN"]

1. e4 c5 2. Nf3 d6 3. d4 cxd4 4. Nxd4 Nf6 5. Nc3 Nc6 6. Be2 e6 7. O-O Be7 8. Be3 O-O 9. f4 Qc7 10. Qe1 Nxd4 11. Bxd4 e5 12. Be3 exf4 13. Rxf4 Be6 14. Rd1 a6 15. Kh1 Nd7 16. Rf1 Bf6 17. Bd3 Bxc3 18. bxc3 Bxa2 19. Rf3 Ne5 20. Rg3 f6 21. Bh6 Rf7 22. Bc1 Be6 23. Ba3 Rd8 24. Qf2 Kh8 25. Qd4 Rfd7 26. Qa4 Bc4 27. Rh3 a5 28. Bc1 b5 29. Qa3 Qc5 30. Qa1 Ng4 31. Rf1 Bxd3 32. cxd3 Nf2+ 33. Rxf2 Qxf2 34. Be3 Qe2 35. Bd4 a4 36. Re3 Qd2 37. Qf1 Qa2 38. Rh3 Qe6 39. Rh5 Rb7 40. Qf4 Rf8 41. g4 a3 42. g5 Kg8 43. gxf6 a2 44. c4 Rxf6 45. Qh4 h6 46. cxb5 a1=Q+ 47. Bxa1 Rf1+ 48. Kg2 Rxa1 0-1

[Event "Olympiad-32"]
[Site "Yerevan"]
[Date "1996.09.26"]
[Round "10.2"]
[White "Norri, Joose"]
[Black "Teplitsky, Yan"]
[Result "1-0"]
[WhiteElo "2385"]
[BlackElo "2450"]
[PlyCount "77"]
[GameId "1166639844118528"]
[EventDate "1996.09.15"]
[EventType "team-swiss"]
[EventRounds "14"]
[EventCountry "ARM"]
[SourceTitle "CBM 055"]
[Source "ChessBase"]
[SourceDate "1996.12.01"]
[SourceVersion "1"]
[SourceVersionDate "1996.12.01"]
[SourceQuality "1"]
[WhiteTeam "Finland"]
[BlackTeam "Canada"]
[WhiteTeamCountry "FIN"]
[BlackTeamCountry "CAN"]

1. d4 g6 2. e4 Bg7 3. Nc3 c6 4. Nf3 d5 5. h3 Nh6 6. Bf4 dxe4 7. Nxe4 O-O 8. Bd3 Nd7 9. O-O Nf5 10. c3 Nf6 11. Re1 Nxe4 12. Bxe4 Nd6 13. Bc2 Be6 14. Rxe6 fxe6 15. Ng5 Rxf4 16. Nxe6 Qb6 17. Nxf4 Qxb2 18. Bb3+ Kh8 19. Qe1 Nb5 20. Rc1 Qa3 21. Qe3 Qd6 22. Ne6 Bf6 23. Qh6 Qb8 24. g4 Nd6 25. Re1 Nf7 26. Qe3 g5 27. h4 h6 28. hxg5 Nxg5 29. Kg2 Nf7 30. f4 Qg8 31. g5 Qg6 32. Kf2 hxg5 33. Rh1+ Kg8 34. fxg5 Bg7 35. Qf3 a5 36. Nxg7 Kxg7 37. Bxf7 Qc2+ 38. Kg3 Qd2 39. Rh7+ 1-0

[Event "Olympiad-32"]
[Site "Yerevan"]
[Date "1996.09.27"]
[Round "11.1"]
[White "Barua, Dibyendu"]
[Black "Teplitsky, Yan"]
[Result "1/2-1/2"]
[WhiteElo "2550"]
[BlackElo "2450"]
[PlyCount "125"]
[GameId "1166639844982784"]
[EventDate "1996.09.15"]
[EventType "team-swiss"]
[EventRounds "14"]
[EventCountry "ARM"]
[SourceTitle "CBM 055"]
[Source "ChessBase"]
[SourceDate "1996.12.01"]
[SourceVersion "1"]
[SourceVersionDate "1996.12.01"]
[SourceQuality "1"]
[WhiteTeam "India"]
[BlackTeam "Canada"]
[WhiteTeamCountry "IND"]
[BlackTeamCountry "CAN"]

1. e4 c5 2. Nf3 d6 3. d4 cxd4 4. Nxd4 Nf6 5. Nc3 Nc6 6. Be2 e6 7. O-O Be7 8. Be3 O-O 9. f4 Qc7 10. Kh1 Re8 11. a4 a6 12. Nb3 b6 13. Bf3 Rb8 14. Qe2 Na5 15. Rad1 Bf8 16. Qf2 Nc4 17. Bc1 b5 18. axb5 axb5 19. Nd4 b4 20. Ncb5 Qc5 21. b3 Na5 22. Nxd6 Bxd6 23. e5 Be7 24. exf6 Bxf6 25. Be3 Qc7 26. Ra1 Bb7 27. Ra4 Bxf3 28. Qxf3 Red8 29. Qe4 Bxd4 30. Bxd4 Nc6 31. Bb2 Rd5 32. Qc4 Qd7 33. h3 Rc8 34. Qe4 h6 35. Rfa1 Rd2 36. Ra8 Rd1+ 37. Kh2 Rxa1 38. Rxa1 Qd2 39. Ra6 Qd7 40. Ra4 Qd6 41. Ra6 Qc5 42. Ra1 Rd8 43. Ra6 Rc8 44. Qd3 Ne7 45. Rd6 Nf5 46. Rd8+ Rxd8 47. Qxd8+ Kh7 48. Qd3 Kg8 49. c4 bxc3 50. Bxc3 Qf2 51. Bd2 Nh4 52. Qg3 Qxd2 53. Qxh4 Qd4 54. Qg4 Qc3 55. Qd1 Qe3 56. Qd8+ Kh7 57. Qb8 f6 58. b4 h5 59. Qc7 h4 60. Qc2+ f5 61. Qb1 Qxf4+ 62. Kh1 e5 63. b5 1/2-1/2

[Event "Olympiad-32"]
[Site "Yerevan"]
[Date "1996.09.30"]
[Round "13.2"]
[White "Teplitsky, Yan"]
[Black "Ricardi, Pablo"]
[Result "1/2-1/2"]
[WhiteElo "2450"]
[BlackElo "2535"]
[PlyCount "95"]
[GameId "1166639846465536"]
[EventDate "1996.09.15"]
[EventType "team-swiss"]
[EventRounds "14"]
[EventCountry "ARM"]
[SourceTitle "CBM 055"]
[Source "ChessBase"]
[SourceDate "1996.12.01"]
[SourceVersion "1"]
[SourceVersionDate "1996.12.01"]
[SourceQuality "1"]
[WhiteTeam "Canada"]
[BlackTeam "Argentina"]
[WhiteTeamCountry "CAN"]
[BlackTeamCountry "ARG"]

1. Nf3 Nf6 2. c4 g6 3. Nc3 Bg7 4. e4 d6 5. d4 O-O 6. Be2 e5 7. d5 Nh5 8. g3 c6 9. O-O h6 10. dxc6 Nxc6 11. Nb5 Bh3 12. Re1 Nf6 13. Nxd6 Qb6 14. Qb3 Qc5 15. Qa3 Nb4 16. Rd1 Ng4 17. Be3 Nxe3 18. Qxe3 Qxe3 19. fxe3 Nc2 20. Rac1 Nxe3 21. Rd3 Ng4 22. Nxb7 Rab8 23. Rb3 f5 24. Nd6 h5 25. Bf1 Bh6 26. Rcc3 Rxb3 27. Rxb3 fxe4 28. Bxh3 exf3 29. Bxg4 hxg4 30. c5 Rd8 31. Kf2 Bf8 32. Rb4 Bxd6 33. cxd6 Rxd6 34. Rxg4 Rd2+ 35. Kxf3 Rxh2 36. Rxg6+ Kf7 37. Ra6 Rxb2 38. Rxa7+ Ke6 39. Ra5 Kf5 40. g4+ Ke6 41. Ra8 Rb1 42. a4 Rb3+ 43. Kf2 Kf6 44. a5 Ra3 45. a6 e4 46. Ke2 Kg6 47. Kd2 Kg7 48. Kc2 1/2-1/2

[Event "Mermaid Beach Club"]
[Site "Bermuda"]
[Date "1999.01.21"]
[Round "1"]
[White "Chandler, Murray G"]
[Black "Teplitsky, Yan"]
[Result "1-0"]
[WhiteElo "2520"]
[BlackElo "2453"]
[PlyCount "79"]
[GameId "1165542799237120"]
[EventDate "1999.01.21"]
[EventType "tourn"]
[EventRounds "13"]
[EventCountry "BER"]
[EventCategory "9"]
[SourceTitle "CBM 069"]
[Source "ChessBase"]
[SourceDate "1999.04.01"]
[SourceVersion "1"]
[SourceVersionDate "1999.04.01"]
[SourceQuality "1"]

1. e4 c5 2. Nf3 d6 3. d4 Nf6 4. Nc3 cxd4 5. Nxd4 Nc6 6. Be2 e6 7. O-O Be7 8. Kh1 O-O 9. f4 Qc7 10. Be3 Re8 11. Qe1 Nxd4 12. Bxd4 e5 13. fxe5 dxe5 14. Qg3 Bd8 15. Be3 Kh8 16. Rad1 Be6 17. Bg5 Ng8 18. Bc1 Nf6 19. Bg5 Ng8 20. Be3 Nf6 21. Bb5 Rf8 22. Bd3 a6 23. Nd5 Bxd5 24. exd5 e4 25. Qxc7 Bxc7 26. Be2 Be5 27. c4 Rfd8 28. b3 Rd7 29. g4 h6 30. Kg2 Rad8 31. h4 Ne8 32. Bb6 Bc7 33. Bd4 Kg8 34. g5 hxg5 35. hxg5 Re7 36. Bg4 g6 37. Rde1 Ba5 38. Re3 Bd2 39. Rh3 Ng7 40. Rfh1 1-0

[Event "Mermaid Beach Club"]
[Site "Bermuda"]
[Date "1999.01.23"]
[Round "3"]
[White "Thorhallsson, Throstur"]
[Black "Teplitsky, Yan"]
[Result "1/2-1/2"]
[WhiteElo "2499"]
[BlackElo "2453"]
[PlyCount "46"]
[GameId "1166641789009920"]
[EventDate "1999.01.21"]
[EventType "tourn"]
[EventRounds "13"]
[EventCountry "BER"]
[EventCategory "9"]
[SourceTitle "CBM 069"]
[Source "ChessBase"]
[SourceDate "1999.04.01"]
[SourceVersion "1"]
[SourceVersionDate "1999.04.01"]
[SourceQuality "1"]

1. e4 c5 2. Nf3 d6 3. d4 Nf6 4. Nc3 cxd4 5. Nxd4 Nc6 6. Bc4 Qb6 7. Nxc6 bxc6 8. O-O e6 9. Qe2 Be7 10. e5 dxe5 11. Qxe5 Ba6 12. Be3 Qb7 13. Bxa6 Qxa6 14. Qg3 O-O 15. Bd4 Rfd8 16. Rad1 Ne8 17. Rfe1 Bf6 18. Bxf6 Nxf6 19. b3 Qa5 20. h3 h6 21. a4 Qf5 22. Rxd8+ Rxd8 23. Re2 Qc5 1/2-1/2

[Event "Mermaid Beach Club"]
[Site "Bermuda"]
[Date "1999.01.24"]
[Round "4"]
[White "Teplitsky, Yan"]
[Black "Bacrot, Etienne"]
[Result "0-1"]
[WhiteElo "2453"]
[BlackElo "2561"]
[PlyCount "94"]
[GameId "1166641789022208"]
[EventDate "1999.01.21"]
[EventType "tourn"]
[EventRounds "13"]
[EventCountry "BER"]
[EventCategory "9"]
[SourceTitle "CBM 069"]
[Source "ChessBase"]
[SourceDate "1999.04.01"]
[SourceVersion "1"]
[SourceVersionDate "1999.04.01"]
[SourceQuality "1"]

1. d4 Nf6 2. c4 g6 3. Nc3 Bg7 4. e4 d6 5. Be2 O-O 6. Nf3 e5 7. O-O Nc6 8. d5 Ne7 9. Ne1 Ne8 10. Be3 f5 11. f3 f4 12. Bf2 g5 13. c5 Rf7 14. cxd6 cxd6 15. a4 Ng6 16. a5 Nf6 17. Kh1 Bf8 18. Nb5 g4 19. Nxa7 Bd7 20. Bb6 Qe8 21. Qb3 g3 22. Nb5 Rc8 23. Na7 Rb8 24. Nb5 Qe7 25. Nc7 Nh5 26. Ne6 gxh2 27. Bf2 Bxe6 28. dxe6 Rg7 29. Bb5 Kh8 30. Bd7 Qd8 31. Qb6 Qxb6 32. axb6 Ng3+ 33. Bxg3 fxg3 34. Nd3 Be7 35. Rfc1 h5 36. Nb4 h4 37. Bb5 Nf4 38. Nd5 Nxe6 39. Bd7 Nc5 40. Bb5 Nb3 41. Nxe7 Rxe7 42. Rc7 Rxc7 43. bxc7 Rc8 44. Rd1 Rxc7 45. f4 exf4 46. e5 dxe5 47. Bc6 Nd4 0-1

[Event "Mermaid Beach Club"]
[Site "Bermuda"]
[Date "1999.01.25"]
[Round "5"]
[White "Pelletier, Yannick"]
[Black "Teplitsky, Yan"]
[Result "1/2-1/2"]
[WhiteElo "2483"]
[BlackElo "2453"]
[PlyCount "53"]
[GameId "1165542799286272"]
[EventDate "1999.01.21"]
[EventType "tourn"]
[EventRounds "13"]
[EventCountry "BER"]
[EventCategory "9"]
[SourceTitle "CBM 069"]
[Source "ChessBase"]
[SourceDate "1999.04.01"]
[SourceVersion "1"]
[SourceVersionDate "1999.04.01"]
[SourceQuality "1"]

1. d4 Nf6 2. c4 e6 3. Nf3 d5 4. Nc3 Bb4 5. cxd5 exd5 6. Bg5 Nbd7 7. Qa4 c5 8. Rc1 Qa5 9. Qxa5 Bxa5 10. dxc5 Nxc5 11. Bxf6 gxf6 12. e3 Ne4 13. Bd3 Be6 14. Ke2 Nxc3+ 15. bxc3 Rc8 16. Kd2 Ke7 17. Nd4 Bd7 18. Nb3 Bb6 19. Rb1 Rc7 20. Rhc1 h6 21. Nd4 Rhc8 22. Ne2 Be6 23. Rb4 d4 24. exd4 Bxa2 25. Rb5 Be6 26. Rh5 Bg4 27. Rh4 1/2-1/2

[Event "Mermaid Beach Club"]
[Site "Bermuda"]
[Date "1999.01.27"]
[Round "7"]
[White "Teplitsky, Yan"]
[Black "Gretarsson, Helgi Ass"]
[Result "1/2-1/2"]
[WhiteElo "2453"]
[BlackElo "2459"]
[PlyCount "98"]
[GameId "1165542799319040"]
[EventDate "1999.01.21"]
[EventType "tourn"]
[EventRounds "13"]
[EventCountry "BER"]
[EventCategory "9"]
[SourceTitle "CBM 069"]
[Source "ChessBase"]
[SourceDate "1999.04.01"]
[SourceVersion "1"]
[SourceVersionDate "1999.04.01"]
[SourceQuality "1"]

1. c4 e5 2. Nc3 Nf6 3. Nf3 Nc6 4. g3 d5 5. cxd5 Nxd5 6. Bg2 Nb6 7. O-O Be7 8. a4 a5 9. d3 Be6 10. Be3 Nd5 11. Nxd5 Bxd5 12. Rc1 O-O 13. Nd2 Bxg2 14. Kxg2 Nd4 15. Bxd4 exd4 16. Nf3 Bb4 17. Qc2 c5 18. e3 dxe3 19. fxe3 Qd7 20. e4 b5 21. axb5 Qxb5 22. Ne5 a4 23. Ra1 a3 24. bxa3 Rxa3 25. Rxa3 Bxa3 26. Rf2 Bb4 27. Qb3 Qe8 28. Qd5 Qe7 29. Rf3 g6 30. Nc6 Qe6 31. Qxe6 fxe6 32. Rxf8+ Kxf8 33. Ne5 Ke7 34. Kf3 Bc3 35. Nc4 Kf6 36. Kf4 g5+ 37. Kf3 h5 38. h3 Bd4 39. g4 hxg4+ 40. hxg4 Bc3 41. Ke2 Bd4 42. Kd1 Ke7 43. Kc2 Kd7 44. Kb3 Kc6 45. Ka4 Bc3 46. Na3 Bb4 47. Nc4 Bc3 48. Kb3 Bd4 49. Na3 Kd6 1/2-1/2

[Event "Mermaid Beach Club"]
[Site "Bermuda"]
[Date "1999.01.28"]
[Round "8"]
[White "Ashley, Maurice"]
[Black "Teplitsky, Yan"]
[Result "1-0"]
[WhiteElo "2473"]
[BlackElo "2453"]
[PlyCount "82"]
[GameId "1165542799323136"]
[EventDate "1999.01.21"]
[EventType "tourn"]
[EventRounds "13"]
[EventCountry "BER"]
[EventCategory "9"]
[SourceTitle "CBM 069"]
[Source "ChessBase"]
[SourceDate "1999.04.01"]
[SourceVersion "1"]
[SourceVersionDate "1999.04.01"]
[SourceQuality "1"]

1. e4 c5 2. Nf3 e6 3. d4 cxd4 4. Nxd4 a6 5. Nc3 d6 6. Be3 Nf6 7. f3 b5 8. Qd2 h5 9. O-O-O Nbd7 10. Bd3 Bb7 11. Rhe1 Be7 12. Kb1 Rc8 13. h3 h4 14. Bf2 Ne5 15. f4 Nc4 16. Bxc4 Rxc4 17. Qd3 Qc8 18. e5 dxe5 19. fxe5 Rxc3 20. bxc3 Nd5 21. Ne2 Qc7 22. Bd4 O-O 23. g3 Rc8 24. gxh4 b4 25. c4 Qxc4 26. Qxc4 Rxc4 27. h5 Bg5 28. Rg1 Bh6 29. Rg4 Ne7 30. Rd3 Nf5 31. Ng3 Nxd4 32. Rdxd4 Rc5 33. Rd8+ Kh7 34. Rxb4 Bg5 35. Rf8 Rc7 36. Ne4 Be7 37. Rxf7 a5 38. Rd4 Kh6 39. Nd6 Bg2 40. Rg4 Bxd6 41. Rxc7 Bxh3 1-0

[Event "Mermaid Beach Club"]
[Site "Bermuda"]
[Date "1999.01.30"]
[Round "10"]
[White "Elbilia, Jacques"]
[Black "Teplitsky, Yan"]
[Result "1/2-1/2"]
[WhiteElo "2360"]
[BlackElo "2453"]
[PlyCount "151"]
[GameId "1166641789087744"]
[EventDate "1999.01.21"]
[EventType "tourn"]
[EventRounds "13"]
[EventCountry "BER"]
[EventCategory "9"]
[SourceTitle "CBM 069"]
[Source "ChessBase"]
[SourceDate "1999.04.01"]
[SourceVersion "1"]
[SourceVersionDate "1999.04.01"]
[SourceQuality "1"]

1. d4 Nf6 2. c4 e6 3. Nc3 Bb4 4. Qc2 O-O 5. a3 Bxc3+ 6. Qxc3 b6 7. Bg5 c5 8. dxc5 bxc5 9. e3 Nc6 10. Nf3 h6 11. Bh4 g5 12. Bg3 Ne4 13. Qc2 Qa5+ 14. Nd2 Nxd2 15. Qxd2 Qxd2+ 16. Kxd2 d5 17. Bd6 Rd8 18. Bxc5 dxc4+ 19. Kc2 Ne5 20. Bd4 Ng4 21. Bxc4 Nxf2 22. Rhf1 Ne4 23. Rad1 Bb7 24. b3 Bd5 25. Bxd5 Rxd5 26. Kb2 Rad8 27. Rc1 e5 28. Rc7 f6 29. Bc3 Rd3 30. Re1 Nf2 31. Re2 Ne4 32. Rc2 R3d7 33. Rc4 Nd6 34. Rc6 Ne4 35. Rc4 f5 36. g4 Nxc3 37. Kxc3 fxg4 38. Rxg4 Kf7 39. Rc4 Ke6 40. Rc6+ Rd6 41. Rxd6+ Rxd6 42. e4 Rd4 43. b4 h5 44. a4 g4 45. Kb3 h4 46. b5 Kd6 47. Rc3 Rxe4 48. a5 Re1 49. Rc6+ Kd5 50. Rg6 Rb1+ 51. Kc2 Rxb5 52. Rxg4 Rxa5 53. Rxh4 Ra2+ 54. Kd1 e4 55. Rh3 Kd4 56. Rb3 Rxh2 57. Ra3 Rh1+ 58. Ke2 Rh2+ 59. Ke1 Rh7 60. Ra4+ Ke3 61. Ra3+ Kd4 62. Ke2 Rd7 63. Ra4+ Kc3 64. Rxe4 a5 65. Re8 a4 66. Rc8+ Kb4 67. Rb8+ Ka3 68. Rb1 Ka2 69. Rb8 a3 70. Rb6 Rh7 71. Kd1 Rh1+ 72. Kc2 Rh2+ 73. Kc1 Rb2 74. Ra6 Rb8 75. Rc6 Rh8 76. Rb6 1/2-1/2

[Event "Mermaid Beach Club"]
[Site "Bermuda"]
[Date "1999.02.01"]
[Round "11"]
[White "Teplitsky, Yan"]
[Black "Gershon, Alik"]
[Result "1/2-1/2"]
[WhiteElo "2453"]
[BlackElo "2467"]
[PlyCount "54"]
[GameId "1165542799368192"]
[EventDate "1999.01.21"]
[EventType "tourn"]
[EventRounds "13"]
[EventCountry "BER"]
[EventCategory "9"]
[SourceTitle "CBM 069"]
[Source "ChessBase"]
[SourceDate "1999.04.01"]
[SourceVersion "1"]
[SourceVersionDate "1999.04.01"]
[SourceQuality "1"]

1. d4 Nf6 2. c4 e6 3. Nc3 Bb4 4. Qc2 O-O 5. a3 Bxc3+ 6. Qxc3 b6 7. Bg5 Bb7 8. f3 d5 9. e3 h6 10. Bh4 Nbd7 11. cxd5 Nxd5 12. Bxd8 Nxc3 13. Bh4 Nd5 14. Bf2 c5 15. e4 Ne7 16. Bb5 Nc6 17. Ne2 Rfc8 18. O-O cxd4 19. Nxd4 Nc5 20. Rac1 Nxd4 21. Bxd4 Nb3 22. Rxc8+ Rxc8 23. Bc3 Rd8 24. Ba4 Nd4 25. Kf2 Bc6 26. Rd1 Bxa4 27. Rxd4 Rxd4 1/2-1/2

[Event "Mermaid Beach Club"]
[Site "Bermuda"]
[Date "1999.02.03"]
[Round "12"]
[White "Forster, Richard"]
[Black "Teplitsky, Yan"]
[Result "1-0"]
[WhiteElo "2468"]
[BlackElo "2453"]
[PlyCount "75"]
[GameId "1166641789120512"]
[EventDate "1999.01.21"]
[EventType "tourn"]
[EventRounds "13"]
[EventCountry "BER"]
[EventCategory "9"]
[SourceTitle "EXT 2000"]
[Source "ChessBase"]
[SourceDate "1999.11.18"]
[SourceVersion "1"]
[SourceVersionDate "1999.11.18"]
[SourceQuality "1"]

1. Nf3 Nf6 2. g3 d5 3. Bg2 Bf5 4. O-O e6 5. d3 c6 6. Nbd2 h6 7. Qe1 Be7 8. e4 Bh7 9. Qe2 O-O 10. Ne5 Na6 11. Kh1 Qa5 12. f4 Rad8 13. g4 Qc7 14. a3 Ne8 15. b3 Nc5 16. Qe3 f6 17. Nef3 dxe4 18. Nxe4 Bxe4 19. dxe4 f5 20. gxf5 exf5 21. exf5 Nf6 22. Ne5 Nd5 23. Qg3 Bf6 24. Bb2 Ne7 25. Qc3 Nd7 26. Rae1 Nb6 27. Be4 Rfe8 28. Qg3 Ned5 29. Bd3 Ne7 30. Rg1 Ned5 31. Qg6 Bh4 32. f6 Nxf6 33. Ng4 Rxe1 34. Nxf6+ Bxf6 35. Qh7+ Kf7 36. Bg6+ Kf8 37. Rxe1 Qf7 38. Bxf7 1-0

[Event "Mermaid Beach Club"]
[Site "Bermuda"]
[Date "1999.02.04"]
[Round "13"]
[White "Teplitsky, Yan"]
[Black "Nataf, Igor Alexandre"]
[Result "1/2-1/2"]
[WhiteElo "2453"]
[BlackElo "2475"]
[PlyCount "161"]
[GameId "1166641789149184"]
[EventDate "1999.01.21"]
[EventType "tourn"]
[EventRounds "13"]
[EventCountry "BER"]
[EventCategory "9"]
[SourceTitle "EXT 2000"]
[Source "ChessBase"]
[SourceDate "1999.11.18"]
[SourceVersion "1"]
[SourceVersionDate "1999.11.18"]
[SourceQuality "1"]

1. Nf3 Nf6 2. c4 g6 3. Nc3 Bg7 4. e4 d6 5. d4 O-O 6. Be2 e5 7. dxe5 dxe5 8. Qxd8 Rxd8 9. Bg5 Nbd7 10. O-O-O Rf8 11. Nd2 Nc5 12. Be3 Ne6 13. c5 Nd4 14. Bxd4 exd4 15. Nb5 c6 16. Nxd4 Re8 17. N4b3 Nxe4 18. Nxe4 Bh6+ 19. Kc2 Rxe4 20. Rd8+ Kg7 21. Bd3 Re7 22. g3 Bg5 23. f4 Bf6 24. Nd2 Re3 25. Nc4 Rxg3 26. hxg3 Bxd8 27. Nd6 Be7 28. Bc4 Bxd6 29. cxd6 Bg4 30. Re1 Rd8 31. Re7 Rd7 32. Rxd7 Bxd7 33. Kc3 Kf6 34. a3 Be6 35. Bf1 Kg7 36. Kd4 Kf8 37. Ke5 Ke8 38. Be2 h5 39. Bf1 Kd7 40. Bd3 a5 41. Bc2 b5 42. Bd3 b4 43. axb4 axb4 44. Be2 Bf5 45. Bd1 Bb1 46. Bb3 f6+ 47. Kxf6 Kxd6 48. Bf7 c5 49. Bc4 Be4 50. Ba6 Bf5 51. Bc4 Bc2 52. Kf7 Be4 53. Kf6 Bc2 54. Kf7 Be4 55. Kf6 Bc2 56. Ba6 Kc6 57. Bc4 Bf5 58. Ke7 Be4 59. Ke6 Bc2 60. Ke7 Bf5 61. Be2 Bb1 62. Bc4 Bc2 63. Kf6 Kb6 64. Ke5 Ka5 65. Kd6 Kb6 66. Ke5 Bb1 67. Kd6 Bf5 68. Be2 Bc8 69. Bd3 Bf5 70. Be2 Bc2 71. Bc4 Bb1 72. Kd5 Bf5 73. Kd6 Be4 74. Ke7 Kc6 75. Ke6 Bf5+ 76. Ke5 Bc8 77. Kf6 Bf5 78. Ke5 Bc2 79. Kf6 Kd6 80. Kf7 Be4 81. Kf6 1/2-1/2